[Event "Open Semana Santa 2023"]
[Site "?"]
[Date "2023.04.06"]
[Round "2.201"]
[White "Romero Garcia, Jose Luis"]
[Black "Martinez Silva, Gabriel"]
[Result "1/2-1/2"]
[WhiteElo "1733"]
[BlackElo "1232"]
[PlyCount "171"]
[EventDate "2023.??.??"]

1. e4 e6 2. c4 Ne7 3. d4 d5 4. e5 c5 5. Nf3 Nbc6 6. cxd5 Nxd5 7. Be3 cxd4 8.
Bxd4 Bb4+ 9. Nc3 Qc7 10. Bb5 Bd7 11. Bxc6 Qxc6 12. Rc1 Nxc3 13. bxc3 Qe4+ 14.
Be3 Bc5 15. O-O Bxe3 16. fxe3 Qxe3+ 17. Kh1 Rd8 18. Re1 Qh6 19. Qb3 Bc6 20. Nd4
Bd5 21. Qa3 Qg5 22. Rc2 Qh4 23. Rf1 a6 24. Rcf2 Rd7 25. Qa4 Bc6 26. Qb3 Bd5 27.
Qa4 Qe4 28. Rf3 f5 29. exf6 gxf6 30. Rg3 Rf8 31. Qd1 Kd8 32. Re1 Qf4 33. Rxe6
Kc8 34. Re1 Bxa2 35. Qe2 Bd5 36. Qh5 Rfd8 37. Rge3 Qg5 38. Qh3 Kb8 39. Nf5
Bxg2+ 40. Qxg2 Qxf5 41. Rf3 Qc5 42. Qg3+ Ka8 43. Rxf6 Qd5+ 44. Qf3 Qxf3+ 45.
Rxf3 b5 46. Re6 Kb7 47. Rff6 Rd1+ 48. Kg2 Ra1 49. Re7+ Kc8 50. Rc6+ Kb8 51.
Rxh7 Rd2+ 52. Kf3 a5 53. Ke3 Rad1 54. Rb6+ Kc8 55. Rxb5 Rd3+ 56. Ke4 Rxc3 57.
Rxa5 Rc4+ 58. Kf5 Rf1+ 59. Kg6 Rc6+ 60. Kh5 Kb8 61. Rb5+ Kc8 62. Rg5 Rd6 63. h4
Rh1 64. Rg8+ Rd8 65. Rxd8+ Kxd8 66. Rf7 Ke8 67. Rf4 Ke7 68. Kg6 Rg1+ 69. Kh6
Rg8 70. Kh7 Rf8 71. Rg4 Rf5 72. Rg5 Rf7+ 73. Kh6 Rf6+ 74. Kh5 Rf4 75. Ra5 Kf7
76. Kg5 Rf1 77. Ra7+ Kg8 78. Kg6 Rg1+ 79. Kh6 Rf1 80. Rg7+ Kh8 81. Rg6 Rf7 82.
h5 Rh7+ 83. Kg5 Rg7 84. Kf5 Rf7+ 85. Ke6 Ra7 86. Kf5 1/2-1/2

[Event "Open Semana Santa 2023"]
[Site "?"]
[Date "2023.04.06"]
[Round "2.202"]
[White "Prochaieva, Olha"]
[Black "Garcia Vives, Joan"]
[Result "0-1"]
[WhiteElo "1282"]
[BlackElo "1731"]
[PlyCount "66"]

1. d4 d5 2. Nf3 Nf6 3. c4 e6 4. Nc3 c6 5. Bg5 Nbd7 6. e3 Qa5 7. Qc2 Bb4 8. a3
Ne4 9. Rc1 Bxc3+ 10. bxc3 Qxa3 11. Bd3 Ndf6 12. cxd5 exd5 13. O-O Bg4 14. Bxf6
Nxf6 15. Ne5 Be6 16. Rb1 Qe7 17. Rb2 O-O 18. Rfb1 Bc8 19. Ra2 c5 20. c4 cxd4
21. exd4 dxc4 22. Nxc4 Be6 23. Qe2 Qd7 24. Qe5 Rfe8 25. Qc5 Rec8 26. Qb4 Qxd4
27. Rd2 Qc5 28. Qxb7 Bxc4 29. Rc2 Bd5 30. Qxa8 Qxc2 31. Rb8 Qc1+ 32. Bf1 Bxa8
33. Rxc8+ Qxc8 0-1

[Event "Open Semana Santa 2023"]
[Site "?"]
[Date "2023.04.06"]
[Round "2.203"]
[White "Sanfelix Dominguez, Juan Vicente"]
[Black "Gil Martin, Sara"]
[Result "1-0"]
[WhiteElo "1730"]
[BlackElo "1226"]
[PlyCount "67"]

1. d4 d5 2. Bf4 c5 3. e3 Nc6 4. Nf3 Bf5 5. c3 Nf6 6. dxc5 a5 7. Bb5 e6 8. Nd4
Qc8 9. Qa4 Nd7 10. Nxc6 bxc6 11. Bxc6 Bc2 12. Bxd7+ Qxd7 13. Qxc2 Bxc5 14. Nd2
O-O 15. Nb3 Be7 16. O-O Bf6 17. Rfd1 Qb5 18. Nd4 Qc5 19. Nb3 Qb5 20. Rac1 Rfc8
21. Qb1 a4 22. Nd4 Qa5 23. Nf3 a3 24. b4 Qb5 25. Qd3 Qa4 26. Ng5 g6 27. Rd2 Rc4
28. Nf3 Rac8 29. Rdc2 Rxc3 30. Rxc3 Rxc3 31. Rxc3 Bxc3 32. Qxc3 Qd1+ 33. Ne1
Qe2 34. Bh6 1-0

[Event "Open Semana Santa 2023"]
[Site "?"]
[Date "2023.04.06"]
[Round "2.204"]
[White "Ortiz Maseres, Roberto"]
[Black "Kyriakidis, Orestis"]
[Result "0-1"]
[WhiteElo "1268"]
[BlackElo "1727"]
[PlyCount "108"]

1. e4 e5 2. Nf3 Nc6 3. d4 exd4 4. Bc4 Be7 5. c3 d6 6. cxd4 Bg4 7. O-O Bxf3 8.
Qxf3 Nf6 9. Be3 O-O 10. Nc3 Nd7 11. a3 Nb6 12. Ba2 Na5 13. b3 Bg5 14. Rad1 Qf6
15. Qxf6 Bxf6 16. Ne2 d5 17. e5 Be7 18. b4 Nac4 19. Bxc4 Nxc4 20. Rd3 a5 21.
Rb1 b5 22. Bc1 c6 23. f4 axb4 24. axb4 Ra2 25. Ng3 Rc2 26. Nf5 Bxb4 27. Rdb3 g6
28. Rxb4 gxf5 29. R4b3 Ra8 30. Rg3+ Kf8 31. h3 Raa2 32. Kh1 Re2 33. Kh2 Ke8 34.
Rg8+ Kd7 35. Rb3 Ra1 36. Rc3 Re1 37. Rg7 Raxc1 38. Rxf7+ Ke8 39. Rxc1 Rxc1 40.
Rxh7 Ne3 41. Rh8+ Kf7 42. Rh7+ Kg8 43. Rd7 b4 44. e6 b3 45. e7 Kf7 46. Rb7 Nf1+
47. Kg1 Nd2+ 48. Kf2 Rc2 49. e8=Q+ Kxe8 50. Rb8+ Kd7 51. h4 b2 52. h5 b1=Q 53.
Rxb1 Nxb1+ 54. Kg3 Rb2 0-1

[Event "Open Semana Santa 2023"]
[Site "?"]
[Date "2023.04.06"]
[Round "2.205"]
[White "Liu, Zhaoqi"]
[Black "GM Suba, Mihai"]
[Result "1-0"]
[WhiteElo "2301"]
[BlackElo "1974"]
[PlyCount "39"]

1. c4 e5 2. Nc3 Nf6 3. Nf3 Nc6 4. e4 Bc5 5. Nxe5 Nxe5 6. d4 Bb6 7. dxe5 Ng8 8.
Qg4 Kf8 9. Qg3 Ne7 10. Be2 Nc6 11. O-O Qe7 12. Bf4 h6 13. Nd5 Qe8 14. Qa3+ Kg8
15. c5 Nd4 16. Bc4 Nc2 17. Qg3 Kf8 18. cxb6 g5 19. Bd2 cxb6 20. Nc7 1-0

[Event "Open Semana Santa 2023"]
[Site "?"]
[Date "2023.04.06"]
[Round "2.206"]
[White "Cervera Diaz, Aaron"]
[Black "Molina Ortega, Carlos"]
[Result "0-1"]
[WhiteElo "1253"]
[BlackElo "1718"]
[PlyCount "99"]

1. e4 c5 2. Nf3 d6 3. d4 cxd4 4. Nxd4 Nf6 5. Nc3 g6 6. Be2 Bg7 7. Be3 Nc6 8.
Qd2 O-O 9. Nxc6 bxc6 10. Bh6 Bxh6 11. Qxh6 Rb8 12. O-O-O Qb6 13. b3 Qxf2 14.
Kb1 Qc5 15. Rd3 Bg4 16. Re1 Bxe2 17. Rxe2 Qh5 18. Qxh5 Nxh5 19. g3 Ng7 20. Nd1
Ne6 21. c4 Nc5 22. Rdd2 f6 23. g4 a5 24. Kc2 a4 25. bxa4 Nxa4 26. h4 Rb4 27.
Kd3 Nc5+ 28. Kc3 Ra4 29. g5 fxg5 30. hxg5 Rf3+ 31. Kb2 Rxc4 32. Rc2 Rxe4 33.
Rxe4 Nxe4 34. Rxc6 Nxg5 35. a4 Rf5 36. Ne3 Rf2+ 37. Kc3 Ne4+ 38. Kb4 Nc5 39. a5
Rb2+ 40. Kc4 Ra2 41. Kb5 h5 42. a6 h4 43. Nc4 Rxa6 44. Rxa6 Nxa6 45. Ne3 Nc5
46. Kc4 Kf7 47. Kd5 Kf6 48. Kd4 h3 49. Nd5+ Kg5 50. Ke3 0-1

[Event "Open Semana Santa 2023"]
[Site "?"]
[Date "2023.04.06"]
[Round "2.207"]
[White "Debbeler, Adrian"]
[Black "Dimitrov Garcia, Dimitri Ivaylov"]
[Result "1-0"]
[WhiteElo "1709"]
[BlackElo "1175"]
[PlyCount "59"]

1. d4 d5 2. Nf3 Nf6 3. c4 c6 4. Nc3 Bf5 5. Bg5 e6 6. Qb3 b6 7. e3 Be7 8. Rc1
Nbd7 9. Be2 O-O 10. O-O Rc8 11. cxd5 Nxd5 12. Bxe7 Qxe7 13. Qa4 N7f6 14. Ne5
Qb7 15. Ba6 Qa8 16. Bxc8 Rxc8 17. Nxd5 cxd5 18. Rxc8+ Qxc8 19. Qxa7 h5 20.
Qxf7+ Kh8 21. Qa7 b5 22. Nf7+ Kh7 23. Nd6 Qd8 24. Nxf5 exf5 25. Rc1 Ne4 26. Qf7
Qh4 27. Qxf5+ Kh6 28. Rc6+ Nf6 29. Qf4+ Qxf4 30. exf4 1-0

[Event "Open Semana Santa 2023"]
[Site "?"]
[Date "2023.04.06"]
[Round "2.208"]
[White "Martinez Egea, Gabriel"]
[Black "Aura, Daniel"]
[Result "0-1"]
[WhiteElo "1234"]
[BlackElo "1708"]
[PlyCount "104"]
[EventDate "2023.??.??"]

1. e4 c5 2. Nf3 d6 3. Nc3 Nf6 4. Bc4 e6 5. O-O Be7 6. d4 cxd4 7. Nxd4 O-O 8.
Be3 a6 9. a4 Qc7 10. Bd3 Nbd7 11. f4 Nc5 12. Nf3 b6 13. h3 Bb7 14. b4 Ncxe4 15.
Nxe4 Bxe4 16. Ng5 Bxd3 17. Qxd3 h6 18. Nf3 Nd5 19. Bd2 Rfc8 20. Rac1 Qc4 21.
Qxc4 Rxc4 22. c3 Rac8 23. Nd4 Nxc3 24. Bxc3 Rxc3 25. Rxc3 Rxc3 26. b5 a5 27.
Rd1 d5 28. Ne2 Bc5+ 29. Kf1 Ra3 30. f5 Rxa4 31. fxe6 fxe6 32. Nc3 Rf4+ 33. Ke2
Rf2+ 34. Kd3 Rxg2 35. Rf1 Rg3+ 36. Kc2 Rxh3 37. Ne2 Rh2 38. Kd1 a4 39. Kd2 a3
40. Kd3 Rf2 41. Rb1 e5 42. Nc3 e4+ 43. Nxe4 dxe4+ 44. Kxe4 a2 45. Ra1 Rd2 46.
Kf5 Bd4 47. Re1 a1=Q 48. Re8+ Kf7 49. Re6 Rf2+ 50. Ke4 Kxe6 51. Kd3 Qc3+ 52.
Ke4 Qe3# 0-1

[Event "Open Semana Santa 2023"]
[Site "?"]
[Date "2023.04.06"]
[Round "2.209"]
[White "Palacios Sanchez, Victor"]
[Black "Perea Fruet, Alba"]
[Result "1-0"]
[WhiteElo "1704"]
[BlackElo "1127"]
[PlyCount "41"]

1. c4 e5 2. g3 Nc6 3. Bg2 Bc5 4. Nc3 d6 5. e3 a6 6. Nge2 Ba7 7. d4 exd4 8. exd4
Nge7 9. O-O O-O 10. Be3 Nf5 11. Qd2 Nxe3 12. fxe3 Re8 13. Nf4 Na5 14. b3 Qe7
15. Ncd5 Qd7 16. Qxa5 Rb8 17. Nf6+ gxf6 18. Nh5 Qd8 19. Nxf6+ Kf8 20. Qg5 Bd7
21. Nxh7# 1-0

[Event "Open Semana Santa 2023"]
[Site "?"]
[Date "2023.04.06"]
[Round "2.210"]
[White "Yug Amit Sonigara"]
[Black "Gallardo Munoz, Adrian"]
[Result "1/2-1/2"]
[WhiteElo "1230"]
[BlackElo "1703"]
[PlyCount "75"]

1. e4 c5 2. Nf3 Nc6 3. d4 cxd4 4. Nxd4 g6 5. Nc3 Bg7 6. Be3 Nf6 7. Bc4 O-O 8.
Bb3 Na5 9. O-O Nxb3 10. axb3 d5 11. exd5 Nxd5 12. Nxd5 Qxd5 13. Nf3 Qh5 14. Nd4
Bg4 15. f3 Bd7 16. Ne2 Rfd8 17. c3 Bb5 18. Qe1 Bd3 19. Nf4 Qb5 20. Nxd3 Qxd3
21. Qf2 a6 22. Rfe1 e6 23. Re2 Qb5 24. b4 Rd3 25. Rd2 Rad8 26. Rad1 h5 27. Rxd3
Rxd3 28. Rd2 Qf5 29. Qe2 Rd5 30. Rxd5 Qxd5 31. Qd2 Qa2 32. Qc2 Qd5 33. Qd2 Qf5
34. Kf2 Be5 35. Kg1 h4 36. h3 Bc7 37. f4 g5 38. Qf2 1/2-1/2

[Event "Open Semana Santa 2023"]
[Site "?"]
[Date "2023.04.06"]
[Round "2.211"]
[White "Pacios Elola, Daniel Antonio"]
[Black "Beneyto De Ramon, Jaime"]
[Result "1-0"]
[WhiteElo "1700"]
[BlackElo "1070"]
[PlyCount "51"]

1. e4 e5 2. Nf3 Nc6 3. Bc4 Bc5 4. O-O Nf6 5. d4 exd4 6. e5 Ng4 7. c3 dxc3 8.
Qd5 Bxf2+ 9. Rxf2 O-O 10. Re2 Nb4 11. Qd4 cxb2 12. Bxb2 Nh6 13. Bxf7+ Rxf7 14.
Qxb4 Nf5 15. Nbd2 a5 16. Qe4 Qf8 17. Ng5 Qc5+ 18. Kh1 Rf8 19. Rf1 d5 20. exd6
cxd6 21. Rc1 Ng3+ 22. hxg3 Qxg5 23. Nf3 Qh5+ 24. Kg1 Bg4 25. Rc7 Rf7 26. Qe8+
1-0

[Event "Open Semana Santa 2023"]
[Site "?"]
[Date "2023.04.06"]
[Round "2.212"]
[White "Diriavka, Emma"]
[Black "Sukhodolskyi, Oleksii"]
[Result "0-1"]
[WhiteElo "1216"]
[BlackElo "1699"]
[PlyCount "102"]

1. e4 e5 2. Nf3 Nc6 3. Bc4 Bc5 4. O-O Nf6 5. Nc3 O-O 6. d3 d6 7. h3 h6 8. Be3
Bxe3 9. fxe3 Na5 10. Bb3 Nxb3 11. axb3 Re8 12. Nd5 Be6 13. Nxf6+ Qxf6 14. Nh2
Qg5 15. Qf3 a6 16. d4 exd4 17. exd4 d5 18. exd5 Bxd5 19. Qg4 Qe3+ 20. Kh1 Rad8
21. Rad1 Qe2 22. Rg1 Qxc2 23. Rde1 Rxe1 24. Rxe1 Qxb2 25. Qg3 h5 26. Rg1 Qxd4
27. Qxc7 Re8 28. Nf3 Bxf3 29. gxf3 Qd5 30. Qc3 g6 31. b4 Qe5 32. Qxe5 Rxe5 33.
Rc1 Rb5 34. Rc4 a5 35. bxa5 Rxa5 36. Rb4 b5 37. Kg2 Kg7 38. Kf2 Kf6 39. Ke3
Ra3+ 40. Ke2 Ra4 41. Rxb5 Rh4 42. Rb6+ Kg7 43. Kf2 Rxh3 44. Rb4 Rh1 45. Re4
Rh2+ 46. Kg3 Rd2 47. Rh4 Kh6 48. Rh2 Rxh2 49. Kxh2 Kg5 50. Kg3 h4+ 51. Kf2 Kf4
0-1

[Event "Open Semana Santa 2023"]
[Site "?"]
[Date "2023.04.06"]
[Round "2.213"]
[White "Stalhandske, Julien"]
[Black "Garcia Vives, Mireia"]
[Result "1-0"]
[WhiteElo "1699"]
[BlackElo "1003"]
[PlyCount "41"]

1. d4 d5 2. c4 e6 3. Nc3 Nf6 4. cxd5 exd5 5. Bg5 Be7 6. e3 c6 7. Qc2 Nbd7 8.
Bd3 Nf8 9. Nf3 Bg4 10. Ne5 h6 11. Bh4 Qc7 12. Bxf6 Bxf6 13. Nxg4 O-O-O 14. Nxf6
gxf6 15. O-O-O Qa5 16. Kb1 b6 17. Rc1 Ne6 18. a3 Nc7 19. Nb5 Nxb5 20. Qxc6+ Kb8
21. Bxb5 1-0

[Event "Open Semana Santa 2023"]
[Site "?"]
[Date "2023.04.06"]
[Round "2.214"]
[White "Arana Rodriguez, Marlon Uriel"]
[Black "Groapa, Aurelian"]
[Result "0-1"]
[WhiteElo "1183"]
[BlackElo "1692"]
[PlyCount "70"]

1. e4 e5 2. d4 exd4 3. c3 dxc3 4. Nxc3 d6 5. Nf3 Be7 6. h3 Nf6 7. Bc4 Nc6 8.
Be3 O-O 9. a3 Be6 10. Bxe6 fxe6 11. Qb3 Qd7 12. Ng5 Nd8 13. f4 h6 14. Nf3 Kh8
15. g4 Qc6 16. Nd4 Qd7 17. O-O-O c5 18. Ndb5 Qc6 19. Nxd6 Bxd6 20. e5 Be7 21.
exf6 Bxf6 22. g5 hxg5 23. fxg5 Bd4 24. Ne2 Rf3 25. Rhf1 Bxe3+ 26. Qxe3 Rxe3 27.
Rf8+ Kh7 28. g6+ Kh6 29. Rh8+ Kxg6 30. Rg1+ Kf7 31. Rh7 Rxe2 32. Rhxg7+ Kf6 33.
R7g6+ Ke7 34. Rg8 b5 35. R1g7+ Nf7 0-1

[Event "Open Semana Santa 2023"]
[Site "?"]
[Date "2023.04.06"]
[Round "2.216"]
[White "Harouat, Alexander"]
[Black "Bernardez Gonzalez, Roberto"]
[Result "0-1"]
[WhiteElo "1133"]
[BlackElo "1688"]
[PlyCount "44"]

1. e4 c5 2. Nf3 g6 3. Bc4 Bg7 4. O-O Nc6 5. d3 e6 6. Re1 Nge7 7. Bg5 Qb6 8. e5
Qxb2 9. Bd2 Qb6 10. Nc3 O-O 11. Qc1 Nf5 12. g4 Nfd4 13. Nh4 Nxe5 14. Rxe5 Bxe5
15. Bh6 Bg7 16. Bxg7 Kxg7 17. Qe3 Qb2 18. Qe1 f6 19. f4 Qxc3 20. Qf1 Nxc2 21.
Rc1 Qd4+ 22. Kh1 Ne3 0-1

[Event "Open Semana Santa 2023"]
[Site "?"]
[Date "2023.05.06"]
[Round "2.219"]
[White "Munoz Martinez, Francisco"]
[Black "Mata Medina, Andres"]
[Result "0-1"]
[WhiteElo "1069"]
[BlackElo "1673"]
[PlyCount "48"]

1. e4 c5 2. c3 Nf6 3. d3 d6 4. Be2 e6 5. Bg5 Be7 6. Nh3 Nc6 7. O-O O-O 8. Qd2
e5 9. Qe3 Ne8 10. Qg3 Bxh3 11. Bh6 Be6 12. Nd2 Bh4 13. Qe3 gxh6 14. Qxh6 Bg5
15. Qh5 Bxd2 16. Rfd1 Qg5 17. Qf3 Nf6 18. h3 Bf4 19. d4 cxd4 20. Qd3 d5 21.
exd5 Bxd5 22. g4 Qh4 23. Bf1 Nxg4 24. Qc2 Bh2# 0-1

[Event "Open Semana Santa 2023"]
[Site "?"]
[Date "2023.04.06"]
[Round "2.220"]
[White "Kuzmin, Rolan"]
[Black "Jaime Galeano, Alcher"]
[Result "0-1"]
[WhiteElo "1024"]
[BlackElo "1672"]
[PlyCount "92"]

1. e4 e5 2. Nf3 Nc6 3. Bc4 Bc5 4. c3 Nf6 5. d4 exd4 6. cxd4 Bb4+ 7. Nc3 Nxe4 8.
Qe2 Bxc3+ 9. bxc3 d5 10. Ng5 O-O 11. Nxe4 dxe4 12. O-O Re8 13. Re1 Bf5 14. Qh5
Bg6 15. Qb5 Rb8 16. Bf4 a6 17. Qc5 Qd7 18. Re3 b6 19. Qa3 b5 20. Bb3 b4 21.
cxb4 Nxd4 22. Rd1 Red8 23. Qc1 Nxb3 24. Rxd7 Nxc1 25. Rxd8+ Rxd8 26. h3 Nxa2
27. Bxc7 Rd3 28. Kf1 Rxe3 29. fxe3 Nxb4 30. Ke2 Kf8 31. Bd6+ Ke8 32. Bxb4 Kd7
33. Kd2 Kc6 34. Kc3 Bf5 35. g4 Be6 36. g5 Bxh3 37. Kc4 h5 38. gxh6 gxh6 39. Kd4
Bf5 40. Ke5 Bg6 41. Kf6 Kb5 42. Be1 a5 43. Bxa5 Kxa5 44. Kg7 h5 45. Kf6 h4 46.
Kg5 h3 0-1

[Event "Open Semana Santa 2023"]
[Site "?"]
[Date "2023.04.06"]
[Round "3.1"]
[White "GM Moussard, Jules"]
[Black "WIM Kamalidenova, Meruert"]
[Result "1/2-1/2"]
[WhiteElo "2667"]
[BlackElo "2342"]
[PlyCount "92"]

1. Nf3 Nf6 2. g3 g6 3. b3 Bg7 4. Bb2 O-O 5. Bg2 c5 6. c4 Nc6 7. O-O d6 8. e3
Bf5 9. d4 cxd4 10. Nxd4 Nxd4 11. Bxd4 Qd7 12. Re1 Bh3 13. Bh1 h5 14. Nd2 h4 15.
Ne4 Nxe4 16. Bxe4 hxg3 17. hxg3 Bg4 18. Qd2 e5 19. Bb2 Bf6 20. f3 Bf5 21. Bxf5
Qxf5 22. Qg2 Kg7 23. Rad1 Rad8 24. e4 Qc8 25. Bc1 Rh8 26. Be3 Rh7 27. Kf1 Rdh8
28. Bg1 Bd8 29. Rxd6 Bb6 30. Rxb6 axb6 31. g4 Rh1 32. Qf2 Qd8 33. Ke2 R8h3 34.
Rd1 Qf6 35. Qe3 R1h2+ 36. Bf2 Rg2 37. Rg1 Rgh2 38. a4 Qd6 39. Qc3 Rh8 40. Rd1
Rxf2+ 41. Kxf2 Qxd1 42. Qxe5+ Kg8 43. Qb8+ Kg7 44. Qe5+ f6 45. Qc7+ Kh6 46.
Qh2+ Kg7 1/2-1/2

[Event "Open Semana Santa 2023"]
[Site "?"]
[Date "2023.04.06"]
[Round "3.2"]
[White "IM Lammers, Markus"]
[Black "GM Mendonca, Leon Luke"]
[Result "0-1"]
[WhiteElo "2338"]
[BlackElo "2596"]
[PlyCount "92"]

1. Nf3 d5 2. c4 e6 3. d4 Nf6 4. e3 b6 5. Bd3 Bb7 6. O-O Bd6 7. Nc3 O-O 8. Qc2
dxc4 9. Bxc4 c5 10. Rd1 cxd4 11. Rxd4 Qe7 12. b3 Nc6 13. Rh4 h6 14. Nb5 Bc5 15.
Bb2 Rfd8 16. Nbd4 Nxd4 17. Nxd4 Ba3 18. Bxa3 Qxa3 19. Nb5 Qc5 20. Rd4 a6 21.
Rxd8+ Rxd8 22. Nd4 Ng4 23. Be2 Qxc2 24. Nxc2 Rd2 25. Nd4 Nf6 26. Kf1 Ne4 27.
Ke1 Rb2 28. Rc1 Rxa2 29. f3 Nd6 30. Rc7 e5 31. Nc2 a5 32. Kd2 Bd5 33. Rd7 Bxb3
34. Rd8+ Kh7 35. Bd3+ e4 36. fxe4 Bxc2 37. Bxc2 Nc4+ 38. Kc3 Nxe3 39. Bd3 Rxg2
40. e5+ g6 41. Rd7 Kg8 42. Kd4 Nf5+ 43. Ke4 Rg4+ 44. Kf3 Rb4 45. Rd8+ Kg7 46.
Rd7 Nd4+ 0-1

[Event "Open Semana Santa 2023"]
[Site "?"]
[Date "2023.04.06"]
[Round "3.3"]
[White "GM Jacobson, Brandon"]
[Black "IM Cruz, Jonathan"]
[Result "1-0"]
[WhiteElo "2556"]
[BlackElo "2340"]
[PlyCount "67"]

1. Nf3 Nf6 2. c4 c6 3. Nc3 d5 4. e3 g6 5. d4 Bg7 6. Be2 O-O 7. O-O Nbd7 8. a4
dxc4 9. Bxc4 Qa5 10. Bd2 Qc7 11. a5 e5 12. Ng5 Qd6 13. Qb3 Qe7 14. f4 exd4 15.
exd4 Ng4 16. Rae1 Bxd4+ 17. Kh1 Qf6 18. Nce4 Qg7 19. Nxf7 b5 20. Be6 Rxf7 21.
Ng5 Ndf6 22. Bxf7+ Kh8 23. Bc3 c5 24. Bxd4 cxd4 25. Bd5 Rb8 26. Nf7+ Kg8 27.
Re7 Qf8 28. Rfe1 Bf5 29. Nh6+ Kh8 30. Nxg4 Nxg4 31. Qb4 Qf6 32. Rf7 Nf2+ 33.
Kg1 Nd3 34. Qe7 1-0

[Event "Open Semana Santa 2023"]
[Site "?"]
[Date "2023.04.06"]
[Round "3.4"]
[White "GM Postny, Evgeny"]
[Black "FM Domingo Nunez, Alejandro"]
[Result "1-0"]
[WhiteElo "2548"]
[BlackElo "2335"]
[PlyCount "113"]
[EventDate "2023.??.??"]

1. d4 Nf6 2. c4 e6 3. Nf3 b6 4. g3 Bb7 5. Bg2 Be7 6. O-O O-O 7. Re1 Na6 8. h4
d5 9. cxd5 exd5 10. Bf4 c5 11. Nc3 Nc7 12. e3 Ne6 13. Be5 Re8 14. Qc2 c4 15.
Bh3 Bc8 16. Rad1 Nc7 17. Bg2 Bg4 18. e4 Bb4 19. Bxc7 Qxc7 20. e5 Bxc3 21. bxc3
Ne4 22. Re3 Qd7 23. Rde1 Bf5 24. Qd1 Bg4 25. Qc1 Qf5 26. Qb2 Bh3 27. Bh1 Qg6
28. Nh2 Bf5 29. Qe2 f6 30. exf6 gxf6 31. Qf3 h5 32. Qf4 Kf7 33. Nf1 Rad8 34.
Qc7+ Rd7 35. Qc6 Rd6 36. Qb5 Ree6 37. Qa6 Rd7 38. Qa3 a5 39. Bg2 Rdd6 40. Qb2
Rd7 41. Kh2 Qh7 42. f3 Nd6 43. Rxe6 Bxe6 44. Qxb6 Qc2 45. Qxa5 Rb7 46. Rxe6
Kxe6 47. Ne3 Qd3 48. Nxd5 Qf5 49. Bh3 Rb2+ 50. Kg1 Rb1+ 51. Kh2 Rb2+ 52. Kg1
Rb1+ 53. Kf2 Ne4+ 54. Ke2 Nxg3+ 55. Ke3 Nf1+ 56. Kf2 Rb2+ 57. Kg1 1-0

[Event "Open Semana Santa 2023"]
[Site "?"]
[Date "2023.04.06"]
[Round "3.5"]
[White "IM Granero Roca, Antonio"]
[Black "GM Sosa, Tomas"]
[Result "0-1"]
[WhiteElo "2334"]
[BlackElo "2544"]
[PlyCount "42"]

1. d4 e6 2. c4 c5 3. d5 exd5 4. cxd5 g6 5. Nc3 Bg7 6. e4 d6 7. h3 Ne7 8. Nf3
O-O 9. Be2 h6 10. O-O f5 11. Nd2 Nd7 12. Nc4 Nb6 13. e5 dxe5 14. Be3 Nbxd5 15.
Bxc5 b6 16. Bd6 Nxc3 17. bxc3 e4 18. Qb3 Be6 19. Qa3 Nd5 20. Ne5 Nf4 21. Rfe1
Qg5 0-1

[Event "Open Semana Santa 2023"]
[Site "?"]
[Date "2023.04.06"]
[Round "3.6"]
[White "FM Martin Carmona, Gaston Manuel"]
[Black "GM Maurizzi, Marc`andria"]
[Result "0-1"]
[WhiteElo "2333"]
[BlackElo "2536"]
[PlyCount "72"]

1. d4 Nf6 2. Nf3 d5 3. c4 e6 4. g3 h6 5. Bg2 Bd6 6. Nc3 Nc6 7. O-O O-O 8. cxd5
exd5 9. Nb5 Bf5 10. Nxd6 cxd6 11. Bf4 Re8 12. Rc1 Qd7 13. Re1 g5 14. Bd2 Bh3
15. Qb3 Re7 16. e3 Qf5 17. Bxh3 Qxh3 18. Red1 Rae8 19. Qd3 Ne4 20. Be1 Qf5 21.
Kg2 Re6 22. Qe2 Rf6 23. b4 h5 24. h3 Nxf2 25. Bxf2 Qe4 26. b5 g4 27. Kg1 gxf3
28. Qd3 Ne7 29. Rc7 Qe6 30. Kh2 Rg6 31. Rxb7 h4 32. g4 f5 33. Bxh4 fxg4 34.
Bxe7 g3+ 35. Kg1 Rg7 36. e4 Qxh3 0-1

[Event "Open Semana Santa 2023"]
[Site "?"]
[Date "2023.04.06"]
[Round "3.7"]
[White "IM Iermito, Sebastian"]
[Black "WGM Alinasab, Mobina"]
[Result "1-0"]
[WhiteElo "2533"]
[BlackElo "2334"]
[PlyCount "101"]

1. e4 c5 2. Nc3 d6 3. Nf3 a6 4. g3 Nc6 5. Bg2 g6 6. d4 cxd4 7. Nxd4 Bg7 8. Be3
Bd7 9. Nd5 Nxd4 10. Bxd4 Bxd4 11. Qxd4 f6 12. f4 Nh6 13. O-O-O Nf7 14. Nb6 Rb8
15. e5 Bc6 16. exf6 exf6 17. Rhe1+ Kf8 18. Bd5 Kg7 19. Bxf7 Kxf7 20. Nd5 Bxd5
21. Qxd5+ Kg7 22. Re6 Rf8 23. Rxd6 Qe8 24. Rd7+ Kh8 25. Rxb7 Qe3+ 26. Kb1 Rxb7
27. Qxb7 Qe2 28. Qh1 Rc8 29. Rc1 Rb8 30. Qc6 Qe7 31. b3 a5 32. Rd1 Rd8 33.
Rxd8+ Qxd8 34. Kb2 Kg7 35. Qc3 Qd5 36. a3 g5 37. fxg5 Qxg5 38. b4 a4 39. Qc5
Qh6 40. h4 Qg6 41. Qc7+ Kh8 42. Qc4 Kg7 43. b5 Qe8 44. Qc7+ Kg6 45. Qc5 h5 46.
b6 Qe4 47. Qc3 f5 48. Qh8 Qe6 49. Qd4 Qc6 50. Qb4 Qf6+ 51. Kb1 1-0

[Event "Open Semana Santa 2023"]
[Site "?"]
[Date "2023.04.06"]
[Round "3.8"]
[White "FM Fiedorek, Michal"]
[Black "GM Almeida Quintana, Omar"]
[Result "0-1"]
[WhiteElo "2328"]
[BlackElo "2526"]
[PlyCount "64"]

1. e4 d6 2. d4 Nf6 3. Nc3 g6 4. f3 c6 5. Be3 b5 6. Qd2 b4 7. Nd1 a5 8. g4 h5 9.
gxh5 Nxh5 10. Nf2 Bg7 11. Ne2 Ba6 12. O-O-O Nd7 13. Ng3 Bxf1 14. Rhxf1 Nb6 15.
Qe2 d5 16. Kb1 e6 17. Bc1 Qc7 18. Nxh5 Rxh5 19. Ng4 c5 20. Qb5+ Nd7 21. dxc5
Rb8 22. Qe2 Kf8 23. exd5 exd5 24. c6 Qxc6 25. Rfe1 a4 26. Bf4 Rc8 27. Qe7+ Kg8
28. Re2 a3 29. Qxb4 Bxb2 30. Rd3 Nc5 31. Rde3 d4 32. Re7 Na4 0-1

[Event "Open Semana Santa 2023"]
[Site "?"]
[Date "2023.04.06"]
[Round "3.9"]
[White "GM Brunello, Sabino"]
[Black "FM Diaz Velandia, Jose Manuel"]
[Result "1/2-1/2"]
[WhiteElo "2510"]
[BlackElo "2318"]
[PlyCount "80"]

1. d4 d5 2. c4 c6 3. Nf3 Nf6 4. e3 e6 5. Nbd2 c5 6. cxd5 Nxd5 7. Nb3 cxd4 8.
Nbxd4 Bb4+ 9. Bd2 O-O 10. Bc4 Qa5 11. Nb3 Bxd2+ 12. Nfxd2 Qd8 13. O-O b6 14.
Qe2 Bb7 15. Rfd1 Qf6 16. Ne4 Qe5 17. Bd3 Nc6 18. f4 Qc7 19. Rac1 Qe7 20. Nbd2
Ncb4 21. Bb1 Rac8 22. Nf3 Ba6 23. Qd2 Rxc1 24. Rxc1 Bb7 25. a3 Nc6 26. Nf2 Nf6
27. g4 Rd8 28. Qe2 g6 29. g5 Nd7 30. b4 f5 31. e4 Nf8 32. Qe3 Qd6 33. Ba2 Ne7
34. Ne5 Nc6 35. Nxc6 Bxc6 36. exf5 gxf5 37. Rd1 Bd5 38. Bxd5 exd5 39. Nd3 Ng6
40. Re1 Rc8 1/2-1/2

[Event "Open Semana Santa 2023"]
[Site "?"]
[Date "2023.04.06"]
[Round "3.10"]
[White "FM Cesar Maestre, Bernardo"]
[Black "GM Sumets, Andrey"]
[Result "1/2-1/2"]
[WhiteElo "2317"]
[BlackElo "2506"]
[PlyCount "64"]

1. e4 c6 2. d4 d5 3. Nc3 dxe4 4. Nxe4 Bf5 5. Ng3 Bg6 6. h4 h6 7. Nf3 Nd7 8. h5
Bh7 9. Bd3 Bxd3 10. Qxd3 e6 11. Bd2 Ngf6 12. O-O-O Bd6 13. Ne4 Nxe4 14. Qxe4
Qe7 15. Kb1 O-O-O 16. c4 Bc7 17. Bc3 Rhe8 18. Rhe1 f5 19. Qh4 Qf7 20. d5 exd5
21. cxd5 Rxe1 22. Rxe1 Qxd5 23. Bxg7 Qd3+ 24. Ka1 Ne5 25. a3 Nxf3 26. gxf3 Ba5
27. Rg1 Qxf3 28. Bxh6 Rd1+ 29. Rxd1 Qxd1+ 30. Ka2 Qd5+ 31. Ka1 Qd1+ 32. Ka2
Qd5+ 1/2-1/2

[Event "Open Semana Santa 2023"]
[Site "?"]
[Date "2023.04.06"]
[Round "3.11"]
[White "GM Xu, Yi"]
[Black "FM Sinz, Bernhard"]
[Result "1-0"]
[WhiteElo "2505"]
[BlackElo "2313"]
[PlyCount "71"]

1. e4 e5 2. Nf3 Nc6 3. Bc4 Nf6 4. d3 Be7 5. O-O O-O 6. Re1 d6 7. a4 Kh8 8. a5
a6 9. h3 Ng8 10. Nc3 f5 11. Nd5 Nf6 12. Ng5 Nxd5 13. Nxh7 Nf6 14. Nxf6 g6 15.
Nd5 f4 16. d4 Kg7 17. b3 f3 18. dxe5 Nxe5 19. Qd2 Rh8 20. Bb2 c6 21. Nxe7 Qxe7
22. Rad1 Rd8 23. Re3 Bxh3 24. gxh3 Qg5+ 25. Kf1 Kh7 26. Bxe5 dxe5 27. Qc1 Qg2+
28. Ke1 Rd4 29. Bf1 Qg5 30. c3 Rxd1+ 31. Qxd1 Rf8 32. Rxf3 Rxf3 33. Qxf3 Qc1+
34. Qd1 Qxc3+ 35. Ke2 Qxa5 36. Qd7+ 1-0